|
|
|
|
| LEADER |
03863nam a22003853i 4500 |
| 001 |
EBC6637624 |
| 003 |
MiAaPQ |
| 005 |
20231204023217.0 |
| 006 |
m o d | |
| 007 |
cr cnu|||||||| |
| 008 |
231204s2019 xx o ||||0 fre d |
| 020 |
|
|
|a 9783110641226
|q (electronic bk.)
|
| 035 |
|
|
|a (MiAaPQ)EBC6637624
|
| 035 |
|
|
|a (Au-PeEL)EBL6637624
|
| 035 |
|
|
|a (OCoLC)1135591978
|
| 040 |
|
|
|a MiAaPQ
|b eng
|e rda
|e pn
|c MiAaPQ
|d MiAaPQ
|
| 100 |
1 |
|
|a Authier-Revuz, Jacqueline.
|
| 245 |
1 |
0 |
|a La Représentation du Discours Autre :
|b Principes Pour une Description.
|
| 250 |
|
|
|a 1st ed.
|
| 264 |
|
1 |
|a Berlin/Boston :
|b Walter de Gruyter GmbH,
|c 2019.
|
| 264 |
|
4 |
|c {copy}2020.
|
| 300 |
|
|
|a 1 online resource (716 pages)
|
| 336 |
|
|
|a text
|b txt
|2 rdacontent
|
| 337 |
|
|
|a computer
|b c
|2 rdamedia
|
| 338 |
|
|
|a online resource
|b cr
|2 rdacarrier
|
| 490 |
1 |
|
|a Études de Linguistique Française Series ;
|v v.5
|
| 505 |
0 |
|
|a Intro -- Sommaire -- Abréviations et conventions -- Avant-propos -- Partie I. Du Dire sur un dire : une affaire métalangagière -- Introduction -- Chapitre 1. La représentation du discours autre : un secteur de l'activité métalangagière -- Chapitre 2. Représenter un autre acte d'énonciation : caractérisation d'une pratique métadiscursive spécifique -- Appendice à la partie 1 : « Discours Rapporté » et « Représentation de Discours Autre » - questions de dénomination -- Partie II. Un dire dans le Dire : plans, enjeux, solutions pour une pluri-articulation -- Introduction -- Chapitre 3. Deux statuts pour le dire autre représenté : comme objet et comme source du Dire -- Chapitre 4. Trois solutions pour l'articulation énonciative des deux actes A et a -- Chapitre 5. La RDA comme double ( re-)contextualisation : par représentation et par déplacement -- Partie III. Trois opérations métalangagières en jeu dans la RDA : catégorisation, paraphrase, autonymisation -- Introduction -- Chapitre 6. La catégorisation métalangagière en RDA -- Chapitre 7. La (re)formulation paraphrastique en RDA -- Chapitre 8. Le fait autonymique dans le champ de la RDA -- Partie IV. Bilan d'étape : Représenter le Discours Autre ? La réponse - en cinq modes - de la langue -- Introduction -- Chapitre 9. Derrière le fonctionnement de la RDA en discours : la distinctivité de cinq modes en langue -- Appendice au chapitre 9 : Citer/citation : l'éventail polysémique -- Partie V. La fonction configurative de la RDA -- Introduction -- Chapitre 10. En arrière plan de la RDA, le « discours autre » constitutif du dire : deux pensées de l'extériorité interne au dire -- Chapitre 11. La RDA : prélèvement métadiscursif dans l'extériorité constitutive du dire -- Chapitre 12. La caractérisation différentielle du Discours par ses autres : images et reflets configurants de la RDA.
|
| 505 |
8 |
|
|a Chapitre 13. Le dehors du langage au dedans du dire : la « question » de la parole propre -- Chapitre 14. La RDA: un travail de(s) bords -- Chapitre 15. Variables en jeu dans le travail de bords -- Bibliographie -- Index des noms cités -- Index des auteurs et des genres -- Index des notions -- Table des matières.
|
| 588 |
|
|
|a Description based on publisher supplied metadata and other sources.
|
| 590 |
|
|
|a Electronic reproduction. Ann Arbor, Michigan : ProQuest Ebook Central, 2023. Available via World Wide Web. Access may be limited to ProQuest Ebook Central affiliated libraries.
|
| 655 |
|
4 |
|a Electronic books.
|
| 776 |
0 |
8 |
|i Print version:
|a Authier-Revuz, Jacqueline
|t La Représentation du Discours Autre
|d Berlin/Boston : Walter de Gruyter GmbH,c2019
|
| 797 |
2 |
|
|a ProQuest (Firm)
|
| 830 |
|
0 |
|a Études de Linguistique Française Series
|
| 856 |
4 |
0 |
|u https://ebookcentral.proquest.com/lib/matrademy/detail.action?docID=6637624
|z Click to View
|